000 00691nam a2200253Ia 4500
003 OSt
005 20221007111937.0
006 a|||||r|||| 00| 0
007 ta
008 221006b |||||||| |||| 00| 0 eng d
020 _a9788175347809
024 _a24,590
037 _cTextual
040 _aLCO
_cLCO
_beng
041 _2eng
_aeng
082 _aZ3,93, N1
100 _aEskridge William N.
_9698704
245 0 _aDynamic Statutory Interpretation
260 _aDelhi
_bUniversal Law Publishing Co. Pvt. Ltd. India
_c1991
300 _a438
650 _aDYNAMIC LAWYERING
_9708658
942 _hZ3,93, N1
_cTEXL
999 _c1194153
_d1194153